Psicoanalisis de la sociedad contemporanea: hacia una sociedad sana

Salvato in:
Dettagli Bibliografici
Autore principale: Fromm, Erich (Autore)
Natura: Libro
Lingua:spagnolo
Pubblicazione: Ciudad de México Fondo de Cultura Económica 1987
Serie:Biblioteca de Psicologia y Psicoanalisis
Soggetti:
Tags: Aggiungi Tag
Nessun Tag, puoi essere il primo ad aggiungerne!!

MARC

LEADER 00000nam a2200000 a 4500
001 UCW3573
003 CL-VaPUC
008 881111e19870000MX |||||||||||||||||spa|d
082 0 4 |a 301  |b FRO  |2 21 
100 0 |a Fromm, Erich  |e author  |9 307882 
245 1 0 |a Psicoanalisis de la sociedad contemporanea: hacia una sociedad sana 
300 |a 308 p 
942 |c BK 
945 |d 19881111 00:00:00  |a rbrito 
260 |a Ciudad de México  |b Fondo de Cultura Económica   |c 1987 
650 0 |a Civilización   |9 255823 
650 0 |a Psicología social   |9 222894 
650 0 |a Libertad  |9 255686 
583 |a last modification  |c 20180322 13:02:21  |k Rodrigo Vera 
490 0 |a Biblioteca de Psicologia y Psicoanalisis 
999 |c 217540  |d 217538 
952 |0 0  |1 0  |4 0  |6 301_000000000000000_FRO_1987  |7 0  |8 A  |9 205396  |a BIBEDU  |b BIBEDU  |d 2019-11-15  |i 2732904  |o 301 FRO 1987  |p 2732904  |r 2019-11-15  |w 2019-11-15  |y BK  |k EDU 
952 |0 0  |1 0  |4 0  |6 301_000000000000000_FRO_1987  |7 0  |8 A  |9 205397  |a BIBEDU  |b BIBEDU  |d 2019-11-15  |i 2732912  |o 301 FRO 1987  |p 2732912  |r 2019-11-15  |w 2019-11-15  |y BK  |k EDU 
952 |0 0  |1 0  |4 0  |6 301_000000000000000_FRO_1987  |7 0  |8 A  |9 205398  |a BIBEDU  |b BIBEDU  |d 2019-11-15  |i 2995751  |o 301 FRO 1987  |p 2995751  |r 2019-11-15  |w 2019-11-15  |y BK  |k EDU 
952 |0 0  |1 0  |4 0  |6 301_000000000000000_FRO_1987  |7 0  |8 A  |9 205399  |a BIBEDU  |b BIBEDU  |d 2019-11-15  |i 299576K  |o 301 FRO 1987  |p 299576K  |r 2019-11-15  |w 2019-11-15  |y BK  |k EDU 
952 |0 0  |1 0  |4 0  |6 301_000000000000000_FRO_1987  |7 0  |8 A  |9 205400  |a BIBEDU  |b BIBEDU  |d 2019-11-15  |i 2995778  |o 301 FRO 1987  |p 2995778  |r 2019-11-15  |w 2019-11-15  |y BK  |k EDU 
952 |0 0  |1 0  |4 0  |6 301_000000000000000_FRO_1987  |7 0  |8 A  |9 205401  |a BIBEDU  |b BIBEDU  |d 2019-11-15  |i 2995786  |o 301 FRO 1987  |p 2995786  |r 2019-11-15  |w 2019-11-15  |y BK  |k EDU 
952 |0 0  |1 0  |4 0  |6 301_000000000000000_FRO_1987  |7 0  |8 A  |9 205402  |a BIBEDU  |b BIBEDU  |d 2019-11-15  |i 1545744  |o 301 FRO 1987  |p 1545744  |r 2019-11-15  |w 2019-11-15  |y BK  |k EDU